000 00666nam a2200277Ia 4500
005 20260324111749.0
008 008 260324s9999 xx 000 0 eng d
020 _a9781003473817
037 _aEBOOK
040 _aCRL
040 _beng
040 _cCRL
041 _2eng
041 _aeng
084 _qCRL
100 _aGerald Griggs; Vicky Randall
_91139917
245 0 _aContemporary Issues in Primary Physical Education
260 _bTaylor and Francis
260 _c2025
365 _a
365 _b230
856 _uhttp://www.taylorfrancis.com/books/9781003473817
942 _cEBOOK
999 _c1728835
_d1728835